000 00550nam a2200217Ia 4500
003 OSt
005 20220928143927.0
006 a|||||r|||| 00| 0
007 ta
008 220927b |||||||| |||| 00| 0 eng d
024 _a23373
037 _cTextual
040 _aSDCL
_cSDCL
_beng
041 _2eng
_aeng
082 _aO157,3N18,1, 152K9
100 _aGangopadhyay Narayan
_9506249
245 0 _aUpnivesh.
260 _c1969
942 _hO157,3N18,1, 152K9
_cTEXL
_2CC
999 _c825319
_d825319